Statistics for Every F1 GP Ever

Click here to take the quiz!

General Stats

  • This quiz has been taken 66 times
    (41 since last reset)
  • The average score is 37 of 51

Answer Stats

NumberLast HeldAnswer% Correct
182022Bahrain
93%
682022Monaco
90%
522022Spanish
90%
432022United States
90%
142022Abu Dhabi
86%
201998Argentine
86%
362022Australian
86%
492022Brazilian
86%
732022British
86%
512022Canadian
86%
642019German
86%
732022Italian
86%
362022Japanese
86%
192017Malaysian
86%
352022Austrian
83%
162019Chinese
83%
622022French
83%
32013Indian
83%
222022Mexican
83%
12022Miami
83%
182021Portuguese
83%
82021Russian
83%
12021Qatar
79%
231993South African
79%
61982Swiss
79%
322022Dutch
76%
372022Hungarian
76%
11958Moroccan
76%
262006San Marino
76%
22022Saudi Arabian
76%
132022Singapore
76%
92021Turkish
76%
52022Azerbaijan
72%
672022Belgian
72%
61978Swedish
69%
232016European
66%
42013Korean
66%
1202070th Anniversary
59%
111960Indianapolis 500
59%
21982Caesar's Palace
55%
11984Dallas
52%
71988Detroit
52%
32022Emilia Romagna
52%
12020Tuscan
52%
21995Pacific
48%
12020Sakhir
48%
22021Styrian
48%
12020Eifel
45%
11957Pescara
45%
81983United States West
45%
21998Luxembourg
41%

Score Distribution

Percentile by Number Answered

Percent of People with Each Score

Your Score History

You have not taken this quiz since the last reset